Frazeologický mikrosystém Vnímanie priestoru (na ukrajinskom slovenskom frazeologickom materiáli)

Podrobná bibliografia
Hlavný autor: Čižmárová, Mária, 1959- (Autor)
Médium: Článok
Jazyk:slovenčina
ISBN:8080682119
Predmet:

MARC

LEADER 00000nab a2200000 a 4500
001 vtls009512602
003 SK-MaSNL
005 20260303191004.0
008 090514c2003 xo r m 000 00slo
015 |a SNBRA2009/05SVKPO 
038 |a SVKPO 
040 |a SVKPOCL  |c slo  |e AACR2 
041 0 |a slo 
044 |a xo  |c SK 
080 |a 81 '373.7  |2 2001 
080 |a 811.161.2  |2 2001 
080 |a 811.161.2 '373.7  |2 2001 
080 |a 811.162.4 '373.7  |2 2001 
080 |a 811.162.4  |2 2001 
100 1 |a Čižmárová, Mária,  |d 1959-  |4 aut  |9 92257 
245 1 0 |a Frazeologický mikrosystém Vnímanie priestoru (na ukrajinskom slovenskom frazeologickom materiáli)  |c Mária Čižmárová 
504 |a Bibliogr. odkazy 
546 |a Res. angl. 
650 0 7 |a frazeológia  |2 SNKPH  |9 1507 
650 0 7 |a ukrajinčina  |2 SNKPH  |9 1347 
650 0 7 |a slovenčina  |2 SNKPH  |9 1350 
773 0 |t Slovensko-ukrajinské vzťahy v oblasti jazyka, literatúry, histórie a kultúry : zborník materiálov z medzinárodnej vedeckej konferencie, ktorá sa konala 12.-13. septembra 2002 v Prešove / [zostavovateľky: Ľubica Babotová, Jarmila Kredátusová]  |d Prešov : Prešovská univerzita, 2003  |g S. 63-72  |z 8080682119 
852 |a SVKPO  |b KIS3GCP 
958 |a SK 
958 |a NB 
958 |a UK 
958 |a SS 
999 |c 2138936  |d 2140866